Central Library OPAC University of Rajshahi

Isotope geology / (Record no. 11134)

MARC details
000 -LEADER
fixed length control field 00699nam a22002411 4500
001 - CONTROL NUMBER
control field 11134
003 - CONTROL NUMBER IDENTIFIER
rucl marc code BD-RjUL
005 - DATE AND TIME OF LATEST TRANSACTION
control field 20211208235057.0
008 - FIXED-LENGTH DATA ELEMENTS--GENERAL INFORMATION
fixed length control field 140126r19561954nyua b 001 0 eng d
035 ## - SYSTEM CONTROL NUMBER
System control number (BD-RjUL) 11183
040 ## - CATALOGING SOURCE
Original cataloging agency DLC/ICU
Transcribing agency ICU
Modifying agency DLC
-- (BD-RjUL)
Language of cataloging eng
041 ## - LANGUAGE CODE
Language code of text/sound track or separate title eng
082 00 - DEWEY DECIMAL CLASSIFICATION NUMBER
Classification number 551
Author mark and year RAI 1956
100 1# - MAIN ENTRY--PERSONAL NAME
Personal name Rankama, Kalervo,
Dates associated with a name 1913-
9 (RLIN) 34440
245 10 - TITLE STATEMENT
Title Isotope geology /
Remainder of title by Kalervo Rankama,
260 ## - PUBLICATION, DISTRIBUTION, ETC. (IMPRINT)
Place of publication, distribution, etc. New York :
Name of publisher, distributor, etc. McGraw-Hill,
Date of publication, distribution, etc. C1954 Revised impression1956.
300 ## - PHYSICAL DESCRIPTION
Pagination 535 p. :
Illustrations illus. ;
Size 26 cm.
504 ## - BIBLIOGRAPHY, ETC. NOTE
Bibliography, etc Includes bibliography and Index
650 #0 - SUBJECT ADDED ENTRY--TOPICAL TERM
Topical term or geographic name as entry element Isotope geology.
9 (RLIN) 34441
942 ## - ADDED ENTRY ELEMENTS (KOHA)
Source of classification or shelving scheme Dewey Decimal Classification
Koha item type Books
Holdings
Lost status Source of classification or shelving scheme Damaged status Not for loan Collection code Permanent Location Current Location Shelving location Date acquired Source of acquisition Total Checkouts Full call number Date last seen Copy number Koha item type
  Dewey Decimal Classification   Not For Loan Non-fiction Central Library, University of Rajshahi Central Library, University of Rajshahi Reading Room 10/03/1961 Gift   551 RAI 1956 26/01/2014 C-1 Books